01586nam a2200301 a 450000100060000000300080000600500170001400800410003102000160007203500190008804000320010704100080013908200380014711000850018524503120027024601470058226000500072930000380077949000260081765100590084365100750090270000330097771000430101083000340105394200130108799900170110095201670111764244BD-RjUL20211209081302.0170126s1963 pk s o00| 0 eng  c: PRs. 2.00 a(BD-RjUL)64374 aDLCcDLCdDLCdBD-RjULbeng aeng a304.609549021223bKHR 1963 (DCR) aPakistan.bMinistry of Home and Kashmir Affairs (Home Affairs Division).918643210aPopulation census of Pakistan, 1961 : bDistrict census report, Kharan. Parts I-V : General description, general tables, housing tables, population tables, and village statistics / cPakistan. Ministry of Home and Kashmir Affairs (Home Affairs Division) ; Census organization (Pakistan) ; A. Rashid, [comp.] aDistrict census report, Kharan :bParts I-V : General description, general tables, housing tables, population tables, and village statistics.  aKarachi : bManager of publications,c[1963]. avarious pagings :bIll. ;c25 cm. acensus, 61 ;vNo. 150 aPakistan (West Pakistan)zKharanvCensus, 19619190788 aPakistan (West Pakistan)zKharanxPopulationvStatisticsy19619190789 aRashid, A. , [comp.]9186708 aCensus organization (Pakistan)9186435 acensus, 61 ;vNo. 1509190793 2ddccRAR c64244d64244 00102ddc40718RAREaRUCLbRUCLcRared1963-10-21eOfficer on Special Duty, Censusl0oRA 304.609549021 KHR 1963(DCR)r2017-02-12 00:00:00tC-1w2017-02-12yRAR